Versalles / (Record no. 180945)

MARC details
000 -LEADER
campo de control de longitud fija 00844nam a2200241 i 4500
001 - NÚMERO DE CONTROL
campo de control 180945
003 - IDENTIFICADOR DE NÚMERO DE CONTROL
campo de control ES-MaACL
005 - FECHA Y HORA DE LA ÚLTIMA TRANSACCIÓN
campo de control 20251116063114.0
008 - DATOS DE LONGITUD FIJA--INFORMACIÓN GENERAL
campo de control de longitud fija 120831q19501959sp |||| | spa d
080 ## - NÚMERO DE LA CLASIFICACIÓN DECIMAL UNIVERSAL
Número de la Clasificación Decimal Universal 728.82(443.62 V.)(091)
100 1# - ENTRADA PRINCIPAL--NOMBRE DE PERSONA
Nombre de persona Martín Quiroga, J.,
9 (RLIN) 151397
245 10 - MENCIÓN DEL TÍTULO
Título Versalles /
Mención de responsabilidad, etc. J. Martín ; portada de Coll ; ilustraciones de Chacopino.
260 ## - PUBLICACIÓN, DISTRIBUCIÓN, ETC.
Lugar de publicación, distribución, etc. Barcelona :
Nombre del editor, distribuidor, etc. Ediciones G. P.,
Fecha de publicación, distribución, etc. [195-]
300 ## - DESCRIPCIÓN FÍSICA
Extensión 64 p. :
Otras características físicas il. ;
Dimensiones 11 cm.
490 1# - MENCIÓN DE SERIE
Mención de serie Enciclopedia Pulga ;
Designación de volumen o secuencia 28
610 24 - PUNTO DE ACCESO ADICIONAL DE MATERIA--NOMBRE DE ENTIDAD CORPORATIVA
Nombre de entidad corporativa o nombre de jurisdicción como elemento de entrada Château de Versailles-
Subdivisión de forma Historia.
9 (RLIN) 151395
651 #4 - PUNTO DE ACCESO ADICIONAL DE MATERIA--NOMBRE GEOGRÁFICO
Nombre geográfico Versalles-
Subdivisión general Edificios, estructuras, etc.-
Subdivisión de forma Historia.
9 (RLIN) 151396
700 0# - ENTRADA AGREGADA--NOMBRE PERSONAL
Nombre de persona Coll, Alejandro.
9 (RLIN) 39607
700 1# - ENTRADA AGREGADA--NOMBRE PERSONAL
Nombre de persona Chacopino Fabre, Joaquín.
9 (RLIN) 150736
830 0# - PUNTO DE ACCESO ADICIONAL DE SERIE-TÍTULO UNIFORME
Título uniforme Enciclopedia Pulga ;
Designación de volumen o secuencia 28
9 (RLIN) 191296
852 ## - LOCALIZACIÓN
Ubicación ES-MaACL
Número de control de estantería 2311-F-33
Holdings
Estatus retirado Estado de pérdida Estado de daño No para préstamo Colección Biblioteca de origen Biblioteca actual Ubicación en estantería Fecha de adquisición Fuente de adquisición Total de préstamos Signatura topográfica completa Código de barras Visto por última vez Precio de reemplazo Tipo de ítem Koha
        Colección de folletos Biblioteca del Ateneo de Madrid Biblioteca del Ateneo de Madrid Depósito folletos 31/08/2012     2311-F-33 1190142 23/02/2023 23/02/2023 Folleto